01022 2200301 4500001002100000005001700021008004100038020002200079035002400101041000800125043001300133082001000146090001900156110010400175245015800279260003100437300002900468500002500497650002800522700002200550700002300572700001900595700002600614700002700640700001900667850001200686999002200698YOGYA-0711000000101420110720104914.0 ind  a978-979-185-263-0 0010-071100000001014 aInd aYOPD DIY a808.8 aDEP 808.8bJej aDiterbitkan atas kerjasama Fakultas ilmu Budaya UGM dan S2 Fakultas Ilmu Budaya UGM dengan Almatera aJEJAK Sastra & budaya / editor, Aprinus Salam, Henri Chambert-Loir, Muhammad Haji Salleh ; penyunting, Ramayda Akmal, Chalida Nuralia A, Anis Mashlihatin aYogyakartabAlmaterac2010 axi, 454 hlmbilusc23 cm aTermasuk Bibliografi aKesusastraan - Kumpulan aMashlihatin, Anis aNuralia A, Khalida aAkmal, Ramayda aSalleh, Muhammad Haji aKhambert - Loir, Henri aSalam, Aprinus aYOPDYOG aCB-D.11 2010-1948